Lähimmät kaupunkiparit #3 - Statistics

Yleistilastot
  • Tätä visaa on pelattu 294 kertaa
  • Keskiarvotulos 11 / 20
Vastaustilastot
Kaupunki 1 Kaupunki 2 % Oikein
Rotterdam Amsterdam
85%
Abu Dhabi Dubai
84%
Sydney Melbourne
83%
Pjongjang Soul
81%
Antwerpen Bryssel
72%
Minsk Kiova
69%
Tripoli Tunis
61%
Los Angeles San Diego
57%
Rabat Casablanca
55%
Brazzaville Kinshasa
55%
Las Vegas Los Angeles
51%
Gaza Tel Aviv
51%
Perth, Australia Adelaide
50%
Phnom Penh Hồ Chí Minh
50%
San Antonio Austin
45%
Port-au-Prince Santo Domingo
45%
Nairobi Mombasa
44%
Chicago Milwaukee
36%
Kansas City St. Louis
32%
Louisville Cincinnati
22%
Ehtoja vastaavia visoja ei löytynyt
Tulosjakauma
Jokaisen tuloksen saaneiden osuus
Persentiili vastausten määrän mukaan
Tuloshistoriasi
Et ole pelannut tätä visaa